<?xml version="1.0" encoding="UTF-8"?><?xml-stylesheet type="text/xsl" href="static/style.xsl"?><OAI-PMH xmlns="http://www.openarchives.org/OAI/2.0/" xmlns:xsi="http://www.w3.org/2001/XMLSchema-instance" xsi:schemaLocation="http://www.openarchives.org/OAI/2.0/ http://www.openarchives.org/OAI/2.0/OAI-PMH.xsd"><responseDate>2026-05-17T01:43:55Z</responseDate><request verb="GetRecord" identifier="oai:repisalud.isciii.es:20.500.12105/11275" metadataPrefix="marc">https://repisalud.isciii.es/rest/oai/request</request><GetRecord><record><header><identifier>oai:repisalud.isciii.es:20.500.12105/11275</identifier><datestamp>2025-06-24T18:05:33Z</datestamp><setSpec>com_20.500.12105_2203</setSpec><setSpec>com_20.500.12105_2202</setSpec><setSpec>col_20.500.12105_19585</setSpec></header><metadata><record xmlns="http://www.loc.gov/MARC21/slim" xmlns:dcterms="http://purl.org/dc/terms/" xmlns:doc="http://www.lyncode.com/xoai" xmlns:xsi="http://www.w3.org/2001/XMLSchema-instance" xsi:schemaLocation="http://www.loc.gov/MARC21/slim http://www.loc.gov/standards/marcxml/schema/MARC21slim.xsd">
   <leader>00925njm 22002777a 4500</leader>
   <datafield ind2=" " ind1=" " tag="042">
      <subfield code="a">dc</subfield>
   </datafield>
   <datafield ind2=" " ind1=" " tag="720">
      <subfield code="a">Instituto de Salud Carlos III. Gabinete de prensa</subfield>
      <subfield code="e">author</subfield>
   </datafield>
   <datafield ind2=" " ind1=" " tag="260">
      <subfield code="c">2020-10-29</subfield>
   </datafield>
   <datafield ind2=" " ind1=" " tag="520">
      <subfield code="a">La Escuela Nacional de Medicina del Trabajo del ISCIII ha organizado una jornada online sobre el impacto médico en las mutuas de la pandemia de COVID-19, en la que han participado médicos de diferentes mutuas que desarrollan su trabajo en diversos hospitales. Los profesionales han explicado cómo en los últimos meses muchos centros sanitarios se han tenido que reconvertir y adaptar para acoger pacientes que requerían hospitalización por COVID-19. Médicos de diferentes especialidades representantes de cuatro de las principales mutuas colaboradoras de la Seguridad Social han compartido sus experiencias y vivencias, explicando cómo se han puesto en marcha acciones para gestionar la actividad de sus centros sanitarios en relación con la pandemia. Las mutuas que han estado presentes en la sesión son MC Mutual, Asepeyo, Fremap y Fraternidad Mufrespa.</subfield>
   </datafield>
   <datafield ind1="8" ind2=" " tag="024">
      <subfield code="a">http://hdl.handle.net/20.500.12105/11275</subfield>
   </datafield>
   <datafield tag="653" ind2=" " ind1=" ">
      <subfield code="a">Coronavirus</subfield>
   </datafield>
   <datafield tag="653" ind2=" " ind1=" ">
      <subfield code="a">Mutuas</subfield>
   </datafield>
   <datafield ind2="0" ind1="0" tag="245">
      <subfield code="a">La Escuela Nacional de Medicina del Trabajo analiza la adaptación asistencial de las mutuas durante la pandemia</subfield>
   </datafield>
</record></metadata></record></GetRecord></OAI-PMH>